Σοσιαλιστικός ουμανισμός
Αποθηκεύτηκε σε:
| Άλλοι συγγραφείς: | |
|---|---|
| Μορφή: | Βιβλίο |
| Γλώσσα: | Greek English |
| Δημοσίευση: |
Αθήνα :
Μπουκουμάνης,
1984.
|
| Θέματα: | |
| Ετικέτες: |
Προσθήκη ετικέτας
Δεν υπάρχουν, Καταχωρήστε ετικέτα πρώτοι!
|
MARC
| LEADER | 00000cam a2200000 i 4500 | ||
|---|---|---|---|
| 001 | 1/22305 | ||
| 008 | 931007s1984 gr | ||| |||| ||gre|| | ||
| 035 | |a 1986 |b 3 |c Αγορά/Τσιάκαλος |l 10036524 | ||
| 040 | |a GR-MyUa |b gre |e AACR2 | ||
| 041 | 1 | |a gre |h eng | |
| 082 | 7 | |a 144 |2 (22) | |
| 245 | 0 | 0 | |a Σοσιαλιστικός ουμανισμός / |c επιμέλεια, ανάθεση κειμένων Έριχ Φρόμ ; μετάφραση: Δημήτρης Θεοδωρακάτος. |
| 260 | |a Αθήνα : |b Μπουκουμάνης, |c 1984. | ||
| 300 | |a 554 σ. ; |c 21 εκ. | ||
| 500 | |a Τίτλος πρωτοτύπου: Socialist humanism. | ||
| 504 | |a Περιλαμβάνει βιβλιογραφικές παραπομπές. | ||
| 650 | 0 | |a Humanism. | |
| 650 | 0 | |a Socialist ethics. | |
| 650 | 0 | |a Socialism. | |
| 700 | 1 | |a Fromm, Erich, |d 1900-1980, |e edt | |
| 852 | |a INST |b RHODES |e 19931007 |h 144 FRO |p 005400003635 |q 005400003635 |t BK |y 0 | ||
| 852 | |a INST |b SYROS |e 20210319 |h 144 ΣΟΣ |p 005500014364 |q 005500014364 |t BK |y 0 | ||